General Knowledge quiz - HARD - Statistics

General Stats
  • This quiz has been taken 51 times
    41 since last reset
  • The average score is 28 of 45
Answer Stats
Question Answer % Correct
How many time zones are there in China? 1
100%
Where is the 2026 FIFA World Cup being held? United States, Canada, Mexico
94%
Which U.S. state is the smallest by land area? Rhode Island
91%
Name one of the U.S. presidents on Mount Rushmore. George Washington, Theodore Roosevelt, Abraham Lincoln, Thomas Jefferson
88%
How many points are awarded for a touchdown in American Football? 6
85%
What is the fastest land-animal? Cheetah
85%
What was the name of the Japanese warrior class? Samurai
82%
Who was the second man to walk on the Moon with Neil Armstrong? Buzz Aldrin
79%
What is the capital city of North Korea? Pyongyang
79%
What is the name of the race where you cycle around France? Tour de France
79%
How many teams are there in Premier League? 20
76%
What is the fifth largest country on Earth? Brazil
76%
Who holds the record as the most decorated Olympian ever with 28 medals (28 gold)? Michael Phelps
76%
In what year was NATO founded? 1949
73%
Where were the first modern Olympic Games held in 1896? (city) Athens
73%
Who is credited with coming up with theory of evolution? Charles Darwin
73%
Which country's culture involves a lot of bowing? Japan
73%
How many bones do sharks have? 0
70%
Who is the main actor in Mission Impossible- movies? Tom Cruise
70%
Which city is famous for the Sagrada Familia? Barcelona
64%
Who painted Mona Lisa? Leonardo da Vinci
64%
Which country has the highest population density in the world? Monaco
64%
In darts, what is the highest score from a single dart? 60
61%
What is the largest desert in the world? Antarctica
61%
Who sings a song named "Shape of You"? Ed Sheeran
61%
Which country was the first to give women the right to vote? (1893) New Zealand
61%
Which disease killed approximately one-third of Europe's population in the 14th century? The Black Death
61%
What was the name of the secret U.S. program that developed the atomic bomb? The Manhattan Project
61%
Which sport does Conor McGregor compete in? MMA
58%
What is the nickname for Arsenal FC? The Gunners
55%
What do you call a volcano that's not currently erupting? Dormant
52%
Which country has the most islands? Sweden
52%
What is the splitting of atomic nuclei called? Fission
48%
If you live in Tahiti, what nationality are you? France
48%
What do you call molten rock before it has erupted? Magma
48%
Who plays Deadpool? Ryan Reynolds
48%
What is the hottest temperature ever recorded on Earth? 57°C / 134°F
45%
What is the closest living relative to the T-Rex? Chicken
45%
Which series features the character Eleven? Stranger Things
45%
What is the most watched movie of all time? Titanic
42%
How long approximately does it take for the sun's light to reach Earth? (min) 8 min
36%
Who holds the record for the most triple-doubles in a single NBA season? Russel Westbrook
27%
What was the last major battle of WW2? The battle of Okinawa
21%
Who is the best known singer of the AC/DC? Brian Johnson
6%
What is the second tallest building in the world? Merdeka 118
6%
No matching quizzes found
Score Distribution
Percent of People with Each Score
Percentile by Number Answered
Your Score History
You have not taken this quiz since the last reset